000 01059nam a2200277 i 4500
001 164549
003 ES-MaACL
005 20250929063242.0
008 981029s1726 it |||| | lat d
040 _aCAM
_bspa
_cCAM
100 1 _aSánchez, Tomás,
_d1550-1610
_9133050
245 1 0 _aR.P. Thomae Sanchez ... é Societate Jesu, de sancto matrimonii sacramento disputationum tomus primus
_b: complectitur hic tomus libros VI...
246 3 _aDe sancto matrimonii sacramento
250 _aPosterior et accuratior editio...
260 _aVenetiis :
_bApud Nicolaum Pezzana,
_c1726.
300 _a[80], 380 p. ;
_cFol.
595 _aDatos de ed. preceden a la explicación de contenido del t.
596 _aMarca tip. en port.
597 _aSign.: a4, b-d8, e-f6, A-Z8, 2A6.
597 _aTexto a dos col.
597 _aAntep.
597 _aPort. a dos tintas.
650 4 _aMatrimonio-
_xAspectos religiosos-
_xCristianismo.
_9162990
852 _aES-MaACL
_jR-1558-59
_z- Enc. piel
_x- Olim: G-1939-40
999 _c164549
_d164549